Responses for Show #1443 - Wednesday, December 5, 1990

Bruce Ikawa game 4.
Game entered from audiorecording. Missing prizes.

Contestants

[<< previous game]

Becky Bryan, a merchandise controller from Washington, D.C.

Scott Smith, a physical therapist from Brooklyn, Ohio

Bruce Ikawa, a college professor originally from Indianapolis, Indiana (whose 3-day cash winnings total $44,599)

[next game >>]

Jeopardy! Round responses

MODERN LITERATURE
HOLLYWOOD HISTORY
ZOOLOGY
SPORTS
10-LETTER WORDS
HINTS FROM HELOISE
    $100 21
(Alex: We have a minute to go.)

Brave New World

Bruce
    $100 12
Harry Houdini

Bruce
    $100 10
a skunk

Bruce
    $100 1
Babe Ruth

Becky
    $100 8
artificial

Becky
    $100 2
honey

Bruce
    $200 22
(Bruce: What's prohibition?)

alcohol

Bruce
Triple Stumper
    $200 13
(Scott: Who is Bugs Bunny?)

Mickey Mouse

BruceScott
    $200 11
a rhinoceros

Becky
    $200 3
(Alex: Very popular today, of course. What is [*]? Missionaries didn't like it.)

surfing

Triple Stumper
    $200 27
Parliament

Bruce
    $200 7
suede

Scott
    $300 23
Rabbit

Becky
    $300 14
Clark Gable

Becky
    $300 17
blood

Bruce
    $300 4
the Winter Olympic Games

Bruce
    $300 28
[The end-of-round signal sounds.]

plagiarism

Scott
    $300 9
(Becky: What is lemon juice?)

vinegar

ScottBecky
    $400 25
Topper

Bruce
    $400 15
Sam (Goldwyn)

Bruce
    $1,000 18
marsupials

Bruce
    $400 5
the Minnesota Twins & Minnesota Vikings

Bruce
    $400 20
dental floss

Bruce
    $500 26
Christopher Isherwood

Bruce
    $500 16
John Belushi

Becky
    $500 19
a chrysalis

Becky
    $500 6
(Scott: Who is Margaret Court?)
(Bruce: Who is Helen Moody?)

Mo Connolly

BruceScottBecky
    $500 24
it attracts mosquitos

Bruce

Scores at the first commercial break (after clue 12):

Bruce Scott Becky
$500 $0 $600

Scores at the end of the Jeopardy! Round:

Bruce Scott Becky
$4,300 $100 $2,200

Double Jeopardy! Round responses

WASHINGTON, D.C.
QUOTES
ROCKS & MINERALS
MUSIC
MONEY
THE SPANISH-AMERICAN WAR
    $200 1
Maryland

Becky
    $200 8
nothing

Becky
    $200 26
(Scott: What are stones?)
(Alex: Be more specific.)
(Scott: What are sandstones?)

cobblestones

ScottBecky
    $200 3
5

Scott
    $200 11
Kennedy

Bruce
    $200 16
Teddy Roosevelt

Bruce
    $400 2
Jefferson

Bruce
    $400 19
Archimedes

Bruce
    $400 27
silicon & aluminum

Triple Stumper
    $400 4
"Old Folks At Home"

Bruce
    $400 12
bonds

Bruce
    $400 17
a hot time

Becky
    $600 9
Vice President Quayle

Becky
    $2,500 23
(Niccolo) Machiavelli

Bruce
    $600 28
coal

Bruce
    $600 5
the Mormon Tabernacle Choir

Scott
    $600 13
Fannie Mae

Bruce
    $600 20
"Remember the Maine"

Scott
    $800 10
(Becky: What's the Library of Congress?)

the Folger (Shakespeare) Library

BruceBecky
    $800 24
Willie Sutton

Bruce
    $800 29
strata

Scott
    $1,000 6
(Scott: What is viola?)

piccolo

Scott
    $800 14
steel

Triple Stumper
    $800 21
Garcia

Bruce
    $1000 18
Georgetown

Scott
    $1000 25
(Scott: What is Goethe?)
...
(Alex: And we have a minute to deal with ROCKS & MINERALS.)

Nietzsche

BruceScott
    $1000 30
shale

Becky
    $1000 7
the Chicago Symphony

Scott
    $1000 15
the Civil War

Triple Stumper
    $1000 22
Paris

Triple Stumper

Scores at the end of the Double Jeopardy! Round:

Bruce Scott Becky
$13,400 $2,100 $4,000
(lock game)

[wagering suggestions for these scores]

Final Jeopardy! Round responses

MAN IN SPACE
(Alex: First American in space and the only one of the Mercury astronauts to make it to the Moon. Hit that golf ball up there.)
ScottWho is Alan Shepard?
$2,100
BeckyWho is White?
$1,500
BruceWho was Alan Shepard?
$2,600
Alan Shepard

Final scores:

Bruce Scott Becky
$16,000 $4,200 $2,500
4-day champion: $60,599 2nd place 3rd place

Game dynamics:

Coryat scores:

Bruce Scott Becky
$10,900 $3,100 $4,000
28 R
(including 2 DDs),
2 W
9 R,
5 W
(including 1 DD)
14 R,
2 W

Combined Coryat: $18,000

[game clues] [game scores] [suggest correction]

Game tape date: 1990-09-17
The J! Archive is created by fans, for fans. Scraping, republication, monetization, and malicious use prohibited; this site may use cookies and collect identifying information. See terms. The Jeopardy! game show and all elements thereof, including but not limited to copyright and trademark thereto, are the property of Jeopardy Productions, Inc. and are protected under law. This website is not affiliated with, sponsored by, or operated by Jeopardy Productions, Inc. Join the discussion at JBoard.tv.